Ryde on rating: the law and practice (Record no. 87090)

MARC details
000 -LEADER
fixed length control field 00584cam a2200229 4500
001 - CONTROL NUMBER
control field D8487
008 - FIXED-LENGTH DATA ELEMENTS--GENERAL INFORMATION
fixed length control field 090401t1976 xxu||||| |||| 00| 0 eng d
035 ## - SYSTEM CONTROL NUMBER
System control number (Sirsi) u13399
041 ## - LANGUAGE CODE
Language code of text/sound track or separate title eng
050 ## - LIBRARY OF CONGRESS CALL NUMBER
Classification number 336.21026
100 ## - MAIN ENTRY--PERSONAL NAME
Personal name Ryde, Walter C
245 ## - TITLE STATEMENT
Title Ryde on rating: the law and practice
250 ## - EDITION STATEMENT
Edition statement 13th
260 ## - PUBLICATION, DISTRIBUTION, ETC.
Place of publication, distribution, etc. London
Name of publisher, distributor, etc. Butterworth/Shaw
Date of publication, distribution, etc. 1976
300 ## - PHYSICAL DESCRIPTION
Extent cxxiv. 1454p. 25cm
350 ## - PRICE (NR) (BK AM CF MU VM SE) [OBSOLETE]
Price 32
520 ## - SUMMARY, ETC.
Summary, etc. Anderson,Anthony...215884 -missing 1990
700 ## - ADDED ENTRY--PERSONAL NAME
Personal name Widdicombe, David
700 ## - ADDED ENTRY--PERSONAL NAME
Personal name Eve, Hon David Trustram
942 ## - ADDED ENTRY ELEMENTS (KOHA)
Suppress in OPAC 0
948 ## - LOCAL PROCESSING INFORMATION (OCLC); SERIES PART DESIGNATOR (RLIN)
c (OCLC) 04/03/1997
Holdings
Withdrawn status Lost status Source of classification or shelving scheme Damaged status Not for loan Home library Current library Shelving location Date acquired Cost, normal purchase price Total Checkouts Full call number Barcode Date last seen Copy number Cost, replacement price Price effective from Koha item type
    Dewey Decimal Classification     London London Basement 14/09/1999 32.00   SHELF 134 30022352 06/08/2019 1 32.00 06/08/2019 Reference material